Dallas Mavericks Playoffs Starters - Statistics

General Stats
  • This quiz has been taken 366 times
    156 since last reset
  • The average score is 20 of 53
Answer Stats
Player % Correct
Luka Dončić
100%
Kyrie Irving
97%
Dirk Nowitzki
93%
Jason Kidd
88%
Daniel Gafford
83%
Tyson Chandler
76%
P.J. Washington
73%
Jason Terry
72%
Derrick Jones Jr.
68%
Steve Nash
68%
Shawn Marion
65%
Kristaps Porziņģis
64%
Mark Aguirre
59%
Dwight Powell
58%
J.J. Barea
58%
Dorian Finney-Smith
57%
Tim Hardaway Jr.
56%
Jalen Brunson
52%
Rolando Blackman
48%
Michael Finley
47%
Deron Williams
46%
Maxi Kleber
45%
Derek Harper
34%
Shawn Bradley
32%
Monta Ellis
30%
DeShawn Stevenson
29%
Josh Howard
29%
Juwan Howard
29%
Reggie Bullock
29%
Brad Davis
28%
Devin Harris
27%
James Donaldson
27%
Erick Dampier
22%
Sam Perkins
20%
Antoine Walker
17%
DeSagana Diop
17%
Wesley Matthews
17%
Brendan Haywood
15%
Caron Butler
15%
Samuel Dalembert
14%
Raef LaFrentz
13%
Roy Tarpley
11%
Marquis Daniels
9%
José Calderón
8%
Antoine Wright
7%
Delonte West
7%
Jay Vincent
7%
Raymond Felton
7%
Zaza Pachulia
7%
Raja Bell
4%
Al-Farouq Aminu
3%
Eduardo Nájera
2%
Pat Cummings
2%
No matching quizzes found
Score Distribution
Percent of People with Each Score
Percentile by Number Answered
Your Score History
You have not taken this quiz since the last reset